Internationalisation of industrial R & D patterns and trends
Gespeichert in:
| Format: | Buch |
|---|---|
| Sprache: | Englisch |
| Veröffentlicht: |
Paris
OECD
1998
|
| Schlagworte: | |
| Tags: |
Keine Tags, Fügen Sie das erste Tag hinzu!
|
MARC
| LEADER | 00000nam a2200000 4500 | ||
|---|---|---|---|
| 001 | c122388 | ||
| 005 | 20221221084415.3 | ||
| 020 | |a 92-64-16189-9 | ||
| 041 | 0 | |a eng | |
| 044 | |a FR | ||
| 245 | 1 | 0 | |a Internationalisation of industrial R & D |b patterns and trends |
| 264 | 1 | |a Paris |b OECD |c 1998 | |
| 300 | |a 106 s. | ||
| 610 | 2 | 0 | |a priemysel |
| 610 | 2 | 0 | |a industrializácia |
| 610 | 2 | 0 | |a globalizácia |
| 610 | 2 | 0 | |a modely |
| 610 | 2 | 0 | |a podnikanie v zahraničí |
| 610 | 2 | 0 | |a firmy |
| 610 | 2 | 0 | |a politika podnikania |
| 610 | 2 | 0 | |a koncerny |
| 610 | 2 | 0 | |a OECD |